[Event "AUT-chT2W 1718"]
[Site "Austria"]
[Date "2018.03.09"]
[Round "9.1"]
[White "Hengl, Christian"]
[Black "Ruescher, Christian"]
[Result "1-0"]
[WhiteElo "2153"]
[BlackElo "2068"]
[PlyCount "85"]
[EventDate "2017.10.13"]
[EventType "team-tourn"]
[EventRounds "11"]
[EventCountry "AUT"]
[SourceTitle "EXT 2019"]
[Source "ChessBase"]
[SourceDate "2018.10.10"]
[SourceVersion "1"]
[SourceVersionDate "2018.10.10"]
[SourceQuality "1"]
[WhiteTeam "Rochade Rum"]
[BlackTeam "Dornbirn"]
[WhiteTeamCountry "AUT"]
[BlackTeamCountry "AUT"]

1. e4 e6 2. d4 d5 3. e5 c5 4. c3 Nc6 5. Nf3 Nh6 6. Bxh6 gxh6 7. Bb5 a6 8. Ba4 b5 9. Bc2 Bg7 10. 0-0 cxd4 11. cxd4 f6 12. Nc3 Ra7 13. Re1 0-0 14. Qd2 fxe5 15. Nxe5 Nxe5 16. dxe5 Raf7 17. Re2 Qh4 18. g3 Qg4 19. Rf1 h5 20. Qd3 Bh6 21. f3 Qh3 22. Rg2 Bb7 23. Ne2 d4 24. Nxd4 Rd8 25. Re2 Bf8 26. Qe3 Rg7 27. Bb3 Rg6 28. Rc2 Bh6 29. Qd3 h4 30. Qxg6+ hxg6 31. Bxe6+ Qxe6 32. Nxe6 Re8 33. Nc5 Rc8 34. b4 a5 35. a3 Bd5 36. f4 axb4 37. axb4 Kf7 38. Ra1 Rc7 39. Rd2 Bc6 40. Ra6 Bf8 41. Rd6 Bf3 42. Rf6+ Ke8 43. Rxf8+ 1-0

[Event "AUT-chT2W 1516"]
[Site "Austria"]
[Date "2016.03.05"]
[Round "10.5"]
[White "Ruescher, Christian"]
[Black "Ljubic, Juro"]
[Result "0-1"]
[WhiteElo "2099"]
[BlackElo "2213"]
[PlyCount "70"]
[EventDate "2015.10.16"]
[EventType "team-tourn"]
[EventRounds "11"]
[EventCountry "AUT"]
[SourceTitle "EXT 2017"]
[Source "ChessBase"]
[SourceDate "2016.10.25"]
[SourceVersion "1"]
[SourceVersionDate "2016.10.25"]
[SourceQuality "1"]
[WhiteTeam "Dornbirn"]
[BlackTeam "Schwarzach"]
[WhiteTeamCountry "AUT"]
[BlackTeamCountry "AUT"]

1. e4 c5 2. Nc3 a6 3. f4 b5 4. Qe2 Bb7 5. Nf3 Nf6 6. d3 e6 7. e5 b4 8. Nd1 Nd5 9. Bd2 Be7 10. g3 0-0 11. Nf2 Nc6 12. c3 d6 13. exd6 Qxd6 14. Bg2 f5 15. 0-0 Bf6 16. Ne5 Qc7 17. Nxc6 Qxc6 18. Qf3 bxc3 19. bxc3 Rac8 20. Rab1 Ba8 21. Rfe1 Rfe8 22. c4 Nb4 23. Qxc6 Bxc6 24. a3 Nc2 25. Rec1 Nd4 26. Bxc6 Rxc6 27. Kg2 e5 28. Re1 Rce6 29. fxe5 Rxe5 30. Rxe5 Rxe5 31. Bf4 Re2 32. Bd6 Ne6 33. Kf1 Ra2 34. Rb3 Ra1+ 35. Ke2 Nd4+ 0-1

[Event "Oberwart op-A 34th"]
[Site "Oberwart"]
[Date "2012.07.14"]
[Round "8"]
[White "Ruescher, Christian"]
[Black "Odor, Istvan"]
[Result "1-0"]
[WhiteElo "2014"]
[BlackElo "2103"]
[PlyCount "177"]
[EventDate "2012.07.07"]
[EventType "swiss"]
[EventRounds "9"]
[EventCountry "AUT"]
[SourceTitle "CBM 149 Extra"]
[Source "ChessBase"]
[SourceDate "2012.08.24"]
[SourceVersion "1"]
[SourceVersionDate "2012.08.24"]
[SourceQuality "1"]

1. Nf3 d5 2. g3 Nf6 3. Bg2 e6 4. 0-0 Be7 5. d3 0-0 6. Nbd2 b6 7. Ne5 Bb7 8. Qe1 Nbd7 9. Nxd7 Nxd7 10. e4 Bf6 11. f4 Bd4+ 12. Kh1 e5 13. Qe2 b5 14. c3 Bb6 15. fxe5 Nxe5 16. d4 Ng6 17. Qxb5 a5 18. Qb3 a4 19. Qc2 h5 20. e5 Bc8 21. Nf3 c6 22. Bg5 Qd7 23. Rae1 Qg4 24. Qf2 Qe6 25. Ng1 Ba6 26. Bh3 Qe8 27. Ne2 Nxe5 28. Bf5 g6 29. Bc2 Ng4 30. Qf3 Bd8 31. Bd2 Qe6 32. Nf4 Qd6 33. Nd3 Qf6 34. Qg2 Qg7 35. h3 Nf6 36. Rg1 h4 37. Ne5 Bc7 38. gxh4 Ne4 39. Bxe4 Bxe5 40. Bc2 Bf6 41. h5 Rae8 42. hxg6 Rxe1 43. Rxe1 Bh4 44. gxf7+ Kxf7 45. Qxg7+ Kxg7 46. Rg1+ Kf6 47. Bxa4 Bd3 48. Bd1 Ke6 49. Be3 Kd7 50. Kh2 Be4 51. Rg4 Bf2 52. Rf4 Rxf4 53. Bxf4 c5 54. dxc5 Bxc5 55. Be5 Bf2 56. Bg3 Be3 57. a4 d4 58. cxd4 Bxd4 59. b4 Kc6 60. h4 Kb6 61. h5 Bc3 62. Bd6 Be1 63. Kh3 Bf5+ 64. Bg4 Bd3 65. Bd7 Bf1+ 66. Kg4 Bd2 67. a5+ Kb7 68. Bf8 Be2+ 69. Kh4 Bd3 70. h6 Kc7 71. Be6 Kd8 72. Bf7 Bc3 73. Kh5 Be2+ 74. Kg5 Bd3 75. Bg6 Bd2+ 76. Kh5 Bxh6 77. Bxh6 Bb5 78. Be4 Kc8 79. Bf4 Be2+ 80. Kg5 Bb5 81. Kf5 Bd7+ 82. Ke5 Kb8 83. Kd6 Ba4 84. Kc5+ Ka7 85. Bc7 Bb5 86. Bb6+ Ka6 87. Bf5 Kb7 88. Kxb5 Ka8 89. a6 1-0

[Event "AUT-ch"]
[Site "Linz"]
[Date "2011.07.30"]
[Round "8"]
[White "Ruescher, Christian"]
[Black "Ernst, Michael"]
[Result "0-1"]
[WhiteElo "2031"]
[BlackElo "2146"]
[PlyCount "58"]
[EventDate "2011.07.23"]
[EventType "swiss"]
[EventRounds "9"]
[EventCountry "AUT"]
[SourceTitle "CBM 143 Extra"]
[Source "ChessBase"]
[SourceDate "2011.08.29"]
[SourceVersion "1"]
[SourceVersionDate "2011.08.29"]
[SourceQuality "1"]

1. d4 Nf6 2. Bf4 c5 3. e3 Qb6 4. Nc3 g6 5. Nf3 Bg7 6. Ne5 cxd4 7. Nc4 Qd8 8. exd4 a6 9. Qf3 d6 10. 0-0-0 Qc7 11. Qe3 0-0 12. Nd2 b5 13. f3 b4 14. Ne2 Nd5 15. Qf2 Bf5 16. Ne4 Nd7 17. g4 Rfc8 18. Rd2 Be6 19. Bg3 N7b6 20. Ng1 Nc4 21. Bxc4 Qxc4 22. b3 Qc6 23. Ne2 a5 24. Nf4 a4 25. Nxd5 Bxd5 26. Kd1 axb3 27. cxb3 Bxe4 28. fxe4 Qc1+ 29. Ke2 Qxh1 0-1

[Event "AUT-ch"]
[Site "Linz"]
[Date "2011.07.28"]
[Round "6"]
[White "Spiesberger, Gerhard"]
[Black "Ruescher, Christian"]
[Result "1-0"]
[WhiteElo "2166"]
[BlackElo "2031"]
[PlyCount "63"]
[EventDate "2011.07.23"]
[EventType "swiss"]
[EventRounds "9"]
[EventCountry "AUT"]
[SourceTitle "CBM 143 Extra"]
[Source "ChessBase"]
[SourceDate "2011.08.29"]
[SourceVersion "1"]
[SourceVersionDate "2011.08.29"]
[SourceQuality "1"]

1. e4 e6 2. d4 d5 3. exd5 exd5 4. Nc3 c6 5. Bd3 Bd6 6. Nf3 Bg4 7. h3 Bh5 8. Qe2+ Ne7 9. Bg5 f6 10. g4 Bf7 11. Be3 Qb6 12. 0-0-0 Nd7 13. Nh4 0-0-0 14. Nf5 Nxf5 15. Bxf5 Kb8 16. Qf3 Bb4 17. a3 Bxc3 18. Bf4+ Ka8 19. Qxc3 Nf8 20. Rhe1 Re8 21. Rxe8+ Bxe8 22. Qe3 Ng6 23. Bg3 Bf7 24. Re1 a5 25. h4 h5 26. Qd3 Nf8 27. Re7 g6 28. Bc7 Qa7 29. Rxf7 gxf5 30. Qxf5 Qxd4 31. Qc8+ Ka7 32. Bb8+ 1-0

[Event "Oberwart op"]
[Site "Oberwart"]
[Date "2011.07.16"]
[Round "8"]
[White "Pergel, Laszlo"]
[Black "Ruescher, Christian"]
[Result "1-0"]
[WhiteElo "2258"]
[BlackElo "2031"]
[PlyCount "69"]
[EventDate "2011.07.09"]
[EventType "swiss"]
[EventRounds "9"]
[EventCountry "AUT"]
[SourceTitle "CBM 143 Extra"]
[Source "ChessBase"]
[SourceDate "2011.08.29"]
[SourceVersion "1"]
[SourceVersionDate "2011.08.29"]
[SourceQuality "1"]

1. e4 e6 2. d4 d5 3. Nd2 Nc6 4. Ngf3 Nf6 5. e5 Nd7 6. Bd3 f6 7. Ng5 Ndxe5 8. dxe5 fxg5 9. Qh5+ g6 10. Bxg6+ Kd7 11. h4 Nxe5 12. Bxh7 Be7 13. hxg5 Bxg5 14. Nb3 Bf6 15. Rh3 b6 16. f4 Nc4 17. c3 Qe7 18. g4 Ba6 19. g5 Bg7 20. Kd1 Rxh7 21. Qxh7 Rh8 22. Qxh8 Bxh8 23. Rxh8 Qf7 24. Nd4 c5 25. b3 Nd6 26. Nf3 Qf5 27. Ne5+ Kc7 28. g6 Qe4 29. Rh2 Nb5 30. Bd2 Nxc3+ 31. Bxc3 Qxf4 32. g7 Qg3 33. Rh7 Kd6 34. g8Q Qxc3 35. Qb8# 1-0

[Event "Oberwart op"]
[Site "Oberwart"]
[Date "2011.07.15"]
[Round "7"]
[White "Ruescher, Christian"]
[Black "Wolfram, Dominik"]
[Result "1-0"]
[WhiteElo "2031"]
[BlackElo "2173"]
[PlyCount "68"]
[EventDate "2011.07.09"]
[EventType "swiss"]
[EventRounds "9"]
[EventCountry "AUT"]
[SourceTitle "CBM 143 Extra"]
[Source "ChessBase"]
[SourceDate "2011.08.29"]
[SourceVersion "1"]
[SourceVersionDate "2011.08.29"]
[SourceQuality "1"]

1. g3 Nf6 2. Bg2 g6 3. f4 d5 4. Nf3 Bg7 5. 0-0 Bg4 6. d3 Nc6 7. h3 Bxf3 8. Bxf3 Qd7 9. Bg2 h5 10. Nd2 0-0-0 11. Nf3 Nh7 12. d4 Qf5 13. c3 Bf6 14. h4 Bg7 15. Kh2 Nf6 16. b4 Ng4+ 17. Kg1 Kb8 18. a4 f6 19. a5 e5 20. fxe5 Qe6 21. b5 Ne7 22. Qd3 Nf5 23. exf6 Bxf6 24. Bf4 Nfe3 25. b6 Rde8 26. a6 Nxf1 27. bxc7+ Kc8 28. axb7+ Kxb7 29. Qb5+ Qb6 30. Qxd5+ Kc8 31. Bxf1 Qb7 32. Qa2 Ne3 33. Rb1 Qc6 34. Qxa7 Kd7 1-0

[Event "Oberwart op"]
[Site "Oberwart"]
[Date "2011.07.11"]
[Round "3"]
[White "Ruescher, Christian"]
[Black "Wiedner, Robert"]
[Result "0-1"]
[WhiteElo "2031"]
[BlackElo "2153"]
[PlyCount "82"]
[EventDate "2011.07.09"]
[EventType "swiss"]
[EventRounds "9"]
[EventCountry "AUT"]
[SourceTitle "CBM 143 Extra"]
[Source "ChessBase"]
[SourceDate "2011.08.29"]
[SourceVersion "1"]
[SourceVersionDate "2011.08.29"]
[SourceQuality "1"]

1. f4 d5 2. Nf3 g6 3. g3 Bg7 4. Bg2 Nf6 5. 0-0 c6 6. e3 Bg4 7. h3 Bxf3 8. Qxf3 Nbd7 9. d3 0-0 10. Nc3 e5 11. e4 dxe4 12. dxe4 exf4 13. gxf4 Nh5 14. Be3 Qc7 15. Rad1 Nb6 16. Bc5 Rfd8 17. e5 Rxd1 18. Rxd1 Rd8 19. Bd6 Qc8 20. Rd4 Qf5 21. Re4 Bh6 22. Ne2 Nd5 23. Nd4 Qc8 24. f5 Ndf4 25. Be7 Re8 26. f6 Nd5 27. e6 Nxe7 28. exf7+ Kxf7 29. fxe7+ Nf6 30. Re6 Bg7 31. Qb3 Nd5 32. Re4 Rxe7 33. Rf4+ Kg8 34. Bxd5+ cxd5 35. Qxd5+ Kh8 36. c3 h6 37. Kg2 Kh7 38. Rf7 Qg8 39. Rxg7+ Qxg7 40. Qf3 Qe5 41. Qg3 Qd5+ 0-1

[Event "Oberwart op"]
[Site "Oberwart"]
[Date "2010.07.11"]
[Round "2"]
[White "Schachinger, Mario"]
[Black "Ruescher, Christian"]
[Result "1-0"]
[WhiteElo "2353"]
[BlackElo "2050"]
[PlyCount "119"]
[EventDate "2010.07.10"]
[EventType "swiss"]
[EventRounds "9"]
[EventCountry "AUT"]
[SourceTitle "CBM 137 Extra"]
[Source "ChessBase"]
[SourceDate "2010.09.01"]
[SourceVersion "1"]
[SourceVersionDate "2010.09.01"]
[SourceQuality "1"]

1. d4 d5 2. c4 c6 3. Nf3 Nf6 4. e3 Bf5 5. Nc3 e6 6. Nh4 Bg6 7. Be2 Bd6 8. Nxg6 hxg6 9. g3 Nbd7 10. Qb3 Qc7 11. Bd2 dxc4 12. Qxc4 e5 13. Rc1 exd4 14. exd4 Nb6 15. Qb3 a6 16. 0-0 0-0 17. Bf3 Nbd7 18. Na4 Rac8 19. Rfd1 Qb8 20. Nc5 Nxc5 21. dxc5 Be5 22. Ba5 Bc7 23. Bc3 Rcd8 24. a4 Rfe8 25. Qc4 Qc8 26. Rxd8 Rxd8 27. Re1 Kf8 28. Qh4 Kg8 29. Bxf6 gxf6 30. Qxf6 Re8 31. Rxe8+ Qxe8 32. Qc3 Qe7 33. b4 Qe5 34. Qd3 Qe1+ 35. Kg2 Qxb4 36. Qd7 Ba5 37. Qe8+ Kg7 38. Qe5+ Kg8 39. h4 Qc3 40. Qb8+ Kg7 41. Qxb7 Qxc5 42. Qxa6 Bb6 43. Qe2 Qc3 44. Be4 c5 45. Bd5 Qd4 46. Qf3 Qf6 47. Bc4 Qxf3+ 48. Kxf3 f5 49. Ke3 Ba5 50. Bb5 Kf6 51. Kd3 Be1 52. Ke2 Ba5 53. f3 Bb4 54. g4 Ke5 55. g5 Kf4 56. Be8 Kg3 57. h5 gxh5 58. g6 Bc3 59. f4 Kxf4 60. a5 1-0